000 00417nam a22001697a 4500
005 20250619154213.0
008 250513b |||||||| |||| 00| 0 eng d
020 _a9780571333134
040 _cSDCL
041 _aeng
084 _aO-,3N91 R1 LR
100 _aRooney, Sally
245 _aConversations with Friends
260 _aLondon :
_bFaber and Faber Ltd.,
_c2021.
300 _a338p
942 _2CC
_cGB
999 _c1400786
_d1400786